000
00375nam a2200145Ia 4500
008
090122s9999 xx 000 0 und d
082
_b
8459
_a
891.4684
100
_a
दवणे
_b
प्रविण
245
_a
सावर रे
600
_a
दवणे
630
_a
सावर रे
700
_a
दवणे
730
_a
सावर रे
942
_c
BOOK
999
_c
32536
_d
32536